| 000 | 00341nam a2200133Ia 4500 | ||
|---|---|---|---|
| 008 | 240624s9999 xx 000 0 und d | ||
| 041 | _aeng | ||
| 082 | _a658.4013 BHA | ||
| 100 | _aBHAT S K | ||
| 245 | _aTOTAL QUALITY MANAGEMENT | ||
| 260 |
_c2007 _aNew Delhi _bHimalaya Publishing House |
||
| 300 | _a758 : p. : cm. ; 24 | ||
| 365 |
_cRS _b25 |
||
| 999 |
_c13425 _d13425 |
||